La autoridad como servicio
محفوظ في:
| المؤلف الرئيسي: | |
|---|---|
| التنسيق: | كتاب |
| اللغة: | الإسبانية |
| منشور في: |
Madrid
BAC
1980
|
| سلاسل: | Cuadernos BAC, 35
|
| الموضوعات: | |
| الوسوم: |
إضافة وسم
لا توجد وسوم, كن أول من يضع وسما على هذه التسجيلة!
|
MARC
| LEADER | 00000nam a2200000 a 4500 | ||
|---|---|---|---|
| 001 | UCZ7562 | ||
| 003 | CL-VaPUC | ||
| 008 | 960105e19800000SP |||||||||||||||||spa|d | ||
| 082 | 0 | 4 | |a 241 |b MUN |2 21 |
| 100 | |a Muñoz Iglesias, Salvador |e autor |9 600858 | ||
| 245 | 1 | 3 | |a La autoridad como servicio |
| 300 | |a 30 p | ||
| 942 | |c BK | ||
| 945 | |d 19960105 00:00:00 |a cmena | ||
| 260 | |a Madrid |b BAC |c 1980 | ||
| 650 | 0 | |a Teología |9 258766 | |
| 650 | 0 | |a Ética |9 255099 | |
| 650 | 0 | |a Comportamiento moral |9 334569 | |
| 650 | 0 | |a Autoridad |9 257105 | |
| 650 | 0 | |a Cristianismo |9 257361 | |
| 650 | 0 | |a Religión |9 255164 | |
| 650 | 0 | |a Liderazgo |9 271835 | |
| 583 | |a last modification |c 19960105 00:00:00 |k Rodrigo Vera | ||
| 490 | 0 | |a Cuadernos BAC, 35 | |
| 999 | |c 243616 |d 243614 | ||